000 00595nam a2200229Ia 4500
003 OSt
005 20220928104137.0
006 a|||||r|||| 00| 0
007 ta
008 220927b |||||||| |||| 00| 0 eng d
024 _a59300
037 _cTextual
040 _aSDCL
_cSDCL
_beng
041 _2eng
_aeng
082 _aR6310aLB, N4
100 _aUsha Kushvaha
_9409240
245 0 _aSankhya aur ayuvaad .
260 _aVaranasi
_bTrividya Prakashan
_c1994
300 _a267p.
_ccm.
942 _hR6310aLB, N4
_cTEXL
_2CC
999 _c724784
_d724784